000 01065nam a22002897a 4500
999 _c12611
_d12611
003 TR-AnCHP
005 20190121163536.0
008
020 _a9786053603849
040 _c,
_dTOQ
082 _a650.1
_bM66v 2013
100 1 _aMoritz, Michael.
245 1 0 _aVe Steve Jobs Apple'ı yarattı /
_cMichael Moritz; çeviren Ümit Şensoy.
246 1 3 _aİş yönetimi.
260 _aİstanbul :
_bİş Bankası Kültür Yayınları,
_c2013.
300 _a389 s. :
_c24 sm.
490 1 _aİş Bankası kültür yayınları genel yayın ;
_v2347.
500 _aÖzgün yapıt adı: return to the little kingdom :Steve Jobs, the creation of Apple , and how it changed the world.
600 1 0 _aJobs, Steven,
_d1955-
_xYaşamöyküsü
600 1 0 _aWozniak, Steve,
_d1950-
610 2 0 _aApple Computer, Inc.
_xHistory.
650 0 _aBilgisayar Mühendisliği
_zAmerika Birleşik Devletleri
_vYaşamöyküsü
_95054
700 1 _aŞensoy, Ümit.
_eÇev.
942 _2ddc
_cBKS
945 _a.i15765799
945 _a.i16909938